000 00568nam a2200205Ia 4500
005 20230626134623.0
008 131103s9999 xx 000 0 und d
040 _aLoreto College
041 _aEnglish
082 _a301
_bCUR
100 _aCurtis,Jack H.
245 _aSocial Psychology
_cJack H.Curtis
260 _aNew York
_bMcGraw - Hill Book Company
_c1960
300 _aix,485 p.
_b illus.,fig.,tables
504 _aIncludes bibliographical references and index
650 _aSociology
651 _aSocial Interactions
850 _aLCLIB
942 _cBK
999 _c11111
_d61590